000
00490nam a2200145Ia 4500
008
100204s9999 xx 000 0 und d
082
_b
13140
100
_a
खाडिलकर वसंत माधव
245
_a
श्री गंधर्व वेद
260
_b
"गंधर्व वेद, प्रकाशन"
_c
1990
300
_a
576
630
_a
श्री गंधर्व वेद
730
_a
श्री गंधर्व वेद
942
_c
BOOK
999
_c
457572
_d
457569